Politechnika Lwowska
| Titel: | Politechnika Lwowska : 1844 - 1945 / [Wydawn. Politechniki Wrocławskiej. Komitet red.: Jan Boberski ...] |
|---|---|
| Beteiligt: | |
| Körperschaft: | |
| Veröffentlicht: | Wrocław, 1993 |
| Umfang: | 577 S. : zahlr. Ill. |
| Format: | Buch |
| Sprache: | Polnisch |
| ISBN: | 8370850588 |
alg: 3069288 001A $03004:15-08-94 001B $06055:13-02-26 $t17:39:53.000 001C $06002:02-03-06 $t02:30:59.000 001D $09999:99-99-99 001U $0utf8 001X $00 002@ $0Aauc 003@ $0030692881 003O $052264799 $aOCoLC 004A $083-7085-058-8 007A $0030692881 $aHEB 007T $0Herdhh030692881 010@ $apol 011@ $a1993 $n1993 013D $RVeröffentlichung $#Festschrift $#Gedächtnisschrift Festschrift $#Gedenkschrift $#Festschriften $D20251120 $Ecgmnf $74016928-5 $8Festschrift [Ts1] $9085039632 013D $#Beiträge Formschlagwort $#Einzelbeiträge $#Sammelwerk Formschlagwort $D20251120 $Ecgmnf $74143413-4 $8Aufsatzsammlung [Tsz] $9085562742 013D $RFührer $#Directories $#Répertoires $#Repertorium Verzeichnis $D20251120 $Ecgmnf $74188171-0 $8Verzeichnis [Ts1] $9085925047 013H $0z 015@ $0W 021A $a@Politechnika Lwowska $d1844 - 1945 $h[Wydawn. Politechniki Wrocławskiej. Komitet red.: Jan Boberski ...] 028C $BRed. $7 $8Boberski, Jan [Tnd] $9153820691 029F $RTechnische Hochschule Breslau $#WUT $#Poland University of Technology Breslau $#University of Technology Breslau $#Politechnika Breslau $#Technical University Breslau $#TH Breslau $#Technische Hochschule Wrocław $#Technische Universität Breslau $#Technische Universität Wrocław $#PWr $#Wrocław University of Technology $#Wrocław Technical University $#Technical University Wrocław $#Vroclavskij Techničeskij Universitet $#University of Technology Wrocław $#Wrocław University of Science and Technology $76851-2 $8Politechnika Wrocławska [Tb1] $9040195236 033A $pWrocław 034D $a577 S. 034M $azahlr. Ill. 044K $#Politechničnyj Instytut $#Politechničeskij Institut $#L'vivs'kyj Politechničnyj Instytut $D20251120 $Ecgmnf $74389664-9 $8Polytechnic Institute [Tb1] $9088454487 044K $RMitarbeiter $RAkademischer Mittelbau $RNichtwissenschaftlicher Mitarbeiter $RWissenschaftliche Mitarbeiterin $#wissenschaftlicher Mitarbeiter $#Wissenschaftliches Personal $D20251120 $Ecgmnf $74066591-4 $8Wissenschaftlicher Mitarbeiter [Ts1] $9085187259 045F $a370.94386 $eDDC23BSB 045F/01 $a370.9 045F/03 $g4386 045F/03 $g438 046M $aEngl. Zsfassung u.d.T.: The Polytechnic of Lwów 1844 - 1945. - Literaturangaben lok: 3069288 24 101B $004-08-95 $t00:52:55.188 107F $0086514857 145Z/01 $a37 8 L 1 145Z/02 $a37 15 B 101U $0utf8 exp: 3069288 24 1 #EPN 201B/01 $019-08-08 $t14:49:18.000 201U/01 $0utf8 203@/01 $0086514865 208@/01 $a15-08-94 $bh 209A/01 $a94.1580 $du $f050 $h94 1580 $x00 209C/01 $a94.1580 K $h94 1580 K 209G/01 $a72162366 $x00 247C/01 $8358050-7Marburg, Bibliothek des Herder-Instituts Marburg $9102600961 lok: 3069288 78 exp: 3069288 78 1 #EPN 201B/01 $019-04-17 $t17:46:51.000 201U/01 $0utf8 203@/01 $0794203469 208@/01 $a12-11-16 $be 209A/01 $a/ $f000 $x00 237A/01 $aweiterführende Signatur(en): Herder-Institut: 94.1580 244Z/01 $2Trx $#Poola $#Lenkija $#Polija $#Polen Land $#Poland $#Lengyelország $#Poľsko $#Polsko $8--Trx--Polska$gkraj $x01 $9391345966 245Z/01 $a11.05 $x01 247C/01 $82080>Marburg/Lahn, Herder-Institut, Forschungsbibliothek, Bibliographieportal $9336309341
| LEADER | 00000cam a2200000 c 4500 | ||
|---|---|---|---|
| 001 | 030692881 | ||
| 003 | DE-603 | ||
| 005 | 20260213173953.0 | ||
| 007 | tu | ||
| 008 | 940815s1993 xx |||| | u01||u|pol c | ||
| 020 | |a 8370850588 | ||
| 035 | |a (DE-599)HEB030692881 | ||
| 035 | |a (OCoLC)52264799 | ||
| 040 | |a DE-603 |b ger |c DE-603 |d DE-603 | ||
| 041 | |a pol | ||
| 082 | 0 | 4 | |8 1\u |a 370.94386 |q DE-101 |2 23/BSB |
| 085 | |8 1\u |b 370.9 | ||
| 085 | |8 1\u |z 2 |s 4386 | ||
| 085 | |8 1\u |z 2 |s 438 | ||
| 245 | 0 | 0 | |a Politechnika Lwowska |b 1844 - 1945 |c [Wydawn. Politechniki Wrocławskiej. Komitet red.: Jan Boberski ...] |
| 264 | 1 | |a Wrocław |c 1993 | |
| 300 | |a 577 S. |b zahlr. Ill. | ||
| 500 | |a Engl. Zsfassung u.d.T.: The Polytechnic of Lwów 1844 - 1945. - Literaturangaben | ||
| 610 | 1 | 7 | |a Polytechnic Institute |2 gnd |0 (DE-588)4389664-9 |0 (DE-603)088454487 |
| 650 | 7 | |a Wissenschaftlicher Mitarbeiter |0 (DE-588)4066591-4 |0 (DE-603)085187259 |2 gnd | |
| 655 | 7 | |a Festschrift |2 gnd-content |0 (DE-588)4016928-5 |0 (DE-603)085039632 | |
| 655 | 7 | |a Aufsatzsammlung |2 gnd-content |0 (DE-588)4143413-4 |0 (DE-603)085562742 | |
| 655 | 7 | |a Verzeichnis |2 gnd-content |0 (DE-588)4188171-0 |0 (DE-603)085925047 | |
| 700 | 1 | |a Boberski, Jan |e Red. |4 red |0 (DE-603)153820691 | |
| 710 | 2 | |a Politechnika Wrocławska |0 (DE-603)040195236 |0 (DE-588)6851-2 |2 gnd | |
| 924 | 0 | |9 Mb 50 |a (DE-603)086514865 |b DE-Mb50 |c HES |d c |g 94.1580 | |
| 924 | 0 | |9 2080 |a (DE-603)794203469 |b DE-2080 |c HES |d d |g / | |


